000 00315nam a22001337a 4500
008 190225b xxu||||| |||| 00| 0 eng d
020 _a9780781741804
041 _aeng
080 _a610
100 _a4
101 _aSHM
245 _aA Manual for Laboratory and Diagnostic Tests
_cFischbach, F
942 _2udc
_cBK
999 _c54209
_d54209